[Event "Fajr op 21st"]
[Site "Mashhad"]
[Date "2013.02.20"]
[Round "1"]
[White "Tavousi, Abbas"]
[Black "Darini, Pouria"]
[Result "0-1"]
[WhiteElo "1636"]
[BlackElo "2514"]
[PlyCount "60"]
[EventDate "2013.02.20"]
[EventType "swiss"]
[EventRounds "11"]
[EventCountry "IRI"]
[SourceTitle "EXT 2014"]
[Source "ChessBase"]
[SourceDate "2013.11.20"]
[SourceVersion "1"]
[SourceVersionDate "2013.11.20"]
[SourceQuality "1"]

1. d4 Nf6 2. e3 c5 3. c3 e6 4. Bd3 Nc6 5. f4 g6 6. Na3 cxd4 7. exd4 Bg7 8. Nf3 0-0 9. Nc4 d6 10. a4 b6 11. b3 Nd5 12. Qc2 Ba6 13. g3 Ndb4 14. cxb4 Nxb4 15. Qd2 Nxd3+ 16. Qxd3 d5 17. Ba3 dxc4 18. bxc4 Re8 19. 0-0 Rc8 20. Rac1 Qd7 21. Ne5 Qxa4 22. Rf2 f6 23. Nf3 Rxc4 24. Rxc4 Bxc4 25. Qe3 Bd5 26. Ne1 f5 27. Bb2 Rc8 28. Nd3 Qd1+ 29. Rf1 Qb3 30. Qd2 Rc2 0-1